| 000 | 00446nam a2200193Ia 4500 | ||
|---|---|---|---|
| 008 | 090124s9999 xx 000 0 und d | ||
| 020 | _a81-7992-218-9 | ||
| 082 | _b44468 | ||
| 100 | _aO'HENRY | ||
| 245 | _a5 AMERICAN MASTERS | ||
| 250 | _a2 | ||
| 260 |
_bJAICO PUBLISHING HOUSE _c2005 |
||
| 300 | _a305 | ||
| 600 | _aO'HENRY | ||
| 630 | _a5 AMERICAN MASTERS | ||
| 700 | _aO'HENRY | ||
| 730 | _a5 AMERICAN MASTERS | ||
| 942 | _cBOOK | ||
| 999 |
_c110679 _d110679 |
||